70 Greatest Player Rivalries in NBA History - Statistics

General Stats
  • This quiz has been taken 79 times
  • The average score is 98 of 140
Answer Stats
Players % Correct
Larry Bird
99%
LeBron James
99%
Magic Johnson
97%
Michael Jordan
94%
Shaquille O’Neal
94%
Stephen Curry
94%
Kobe Bryant
92%
Bill Russell
90%
Wilt Chamberlain
90%
Kevin Durant
89%
Isiah Thomas
88%
Hakeem Olajuwon
86%
Jerry West
86%
Tim Duncan
86%
Kareem Abdul-Jabbar
85%
Moses Malone
81%
Karl Malone
79%
David Robinson
76%
Dirk Nowitzki
75%
Julius Erving
75%
Kevin Garnett
75%
Larry Johnson
75%
Russell Westbrook
74%
Charles Barkley
72%
Dwyane Wade
72%
Patrick Ewing
72%
Steve Nash
71%
Dennis Rodman
68%
Allen Iverson
60%
Jason Kidd
60%
Oscar Robertson
60%
Paul Pierce
60%
Chris Paul
58%
Kawhi Leonard
58%
Tony Parker
58%
Bob Pettit
57%
Ray Allen
57%
Clyde Drexler
56%
Dwight Howard
56%
Elgin Baylor
56%
Reggie Miller
56%
Bill Laimbeer
51%
Carmelo Anthony
51%
Robert Parish
50%
John Havlicek
49%
Kevin McHale
47%
Tracy McGrady
47%
Alonzo Mourning
43%
Joe Dumars
43%
Walt Frazier
42%
Yao Ming
42%
Vince Carter
40%
Dominique Wilkins
39%
Paul George
39%
Sam Jones
39%
Derrick Rose
36%
Shawn Kemp
36%
Wes Unseld
36%
Dolph Schayes
26%
Deron Williams
25%
John Starks
19%
Bob Lanier
18%
Gail Goodrich
18%
Stephon Marbury
13%
Rudy Tomjanovich
7%
Jack Sikma
6%
Kurt Rambis
6%
Kermit Washington
3%
No matching quizzes found
Score Distribution
Percent of People with Each Score
Percentile by Number Answered
Your Score History
You have not taken this quiz